Statystyki dla TOP 38 największych młodych talentów piłki nożnej w 2021r. według ESPN

Kliknij tutaj aby rozwiązać quiz!

Ogólne statystyki

  • Ten quiz został rozwiązany 93 razy
  • Średni wynik to 10 z 38

Statystyki odpowiedzi

KrajZawodnik% Poprawnych
HiszpaniaPedri
73%
KanadaAlphonso Davies
67%
NorwegiaErling Haaland
65%
BrazyliaVinicius Jr.
64%
SerbiaDusan Vlahovic
54%
SzwecjaAlexander Isak
49%
AngliaPhil Foden
48%
NiemcyJamal Musiala
46%
SzwecjaDejan Kulusevski
44%
AngliaJude Bellingham
44%
BrazyliaRodrygo
44%
FrancjaEduardo Camavinga
42%
AngliaBukayo Saka
36%
PortugaliaJoao Felix
36%
USASergino Dest
32%
HiszpaniaAnsu Fati
30%
AngliaJadon Sancho
29%
KanadaJonathan David
27%
USAGiovanni Reyna
25%
FrancjaAurelien Tchouameni
23%
NiemcyKai Havertz
21%
NiemcyFlorian Wirtz
20%
HolandiaMatthijs De Ligt
20%
HolandiaRyan Gravenberch
19%
HiszpaniaFerran Torres
17%
AngliaReece James
17%
WłochyMoise Kean
7%
Demokratyczna Republika KongaSilas Wamangituka
7%
WłochySandro Tonali
6%
HolandiaSven Botman
6%
PortugaliaTrincao
5%
FrancjaBenoit Badiashile
4%
AustriaChristoph Baumgartner
4%
AngliaCurtis Jones
4%
FrancjaIllan Meslier
4%
PortugaliaPedro Neto
4%
FrancjaWesley Fofana
4%
FrancjaBoubacar Kamara
2%

Rozkład punktacji

Percentyl według liczby udzielonych odpowiedzi

Procent ludzi z każdym wynikiem

Twoja historia wyników

Nie rozwiązałeś tego quizu